|
|
|
|
| LEADER |
00000nam a2200000Ii 4500 |
| 001 |
DIGEPUJ0469 |
| 003 |
NyNyDIG |
| 006 |
m o d |
| 007 |
cr ||||||||||| |
| 008 |
250103s2024 ck ob 000 0 spa d |
| 035 |
|
|
|a (OCoLC)1479640066
|
| 040 |
|
|
|a DGITA
|b eng
|e rda
|e pn
|c DGITA
|
| 020 |
|
|
|a 9789587819083
|q (digital)
|
| 020 |
|
|
|z 9789587819076
|q (impreso)
|
| 024 |
7 |
|
|a https://doi.org/10.11144/Javeriana.9789587819083
|2 doi
|
| 050 |
1 |
4 |
|a H62 ebook
|
| 245 |
0 |
0 |
|a Topografías de la investigación social con incidencia territorial :
|b trazos, rumbos y retornos /
|c Daniel Ortiz Gallego, Carlos Luis Del Cairo Silva, Jefferson Jaramillo Marín, editores académicos.
|
| 250 |
|
|
|a Primera edición.
|
| 264 |
|
1 |
|a Bogotá :
|b Editorial Pontificia Universidad Javeriana,
|c [2024]
|
| 300 |
|
|
|a 1 online resource.
|
| 336 |
|
|
|a text
|b txt
|2 rdacontent
|
| 337 |
|
|
|a computer
|b c
|2 rdamedia
|
| 338 |
|
|
|a online resource
|b cr
|2 rdacarrier
|
| 347 |
|
|
|a text file
|2 rdaft
|
| 347 |
|
|
|b PDF
|
| 490 |
1 |
|
|a Colección Libros de investigación Vicerrectoría Académica
|
| 504 |
|
|
|a Includes bibliographical references.
|
| 588 |
0 |
|
|a Online resource; title from PDF title page (Digitalia, viewed January 3, 2025)
|
| 650 |
|
0 |
|a Social sciences
|x Research.
|
| 650 |
|
0 |
|a Social change.
|
| 650 |
|
0 |
|a Interdisciplinary approach in education.
|
| 700 |
1 |
|
|a Ortiz Gallego, Daniel,
|e editor.
|
| 700 |
1 |
|
|a Cairo, Carlos Del,
|e editor.
|
| 700 |
1 |
|
|a Jaramillo Marín, Jefferson,
|d 1974-
|e editor.
|
| 791 |
2 |
|
|a Digitalia (Firm),
|e distributor.
|
| 793 |
0 |
|
|g Digitalia eBook Collection:
|a Pontificia Universidad Javeriana
|
| 776 |
0 |
8 |
|i Print version:
|t Topografías de la investigación social con incidencia territorial.
|b Primera edición.
|d Bogotá : Editorial Pontificia Universidad Javeriana, [2024]
|z 9789587819076
|
| 830 |
|
0 |
|a Colección Libros de investigación Vicerrectoría Académica.
|
| 856 |
4 |
0 |
|3 Digitalia Hispánica
|u https://www.digitaliapublishing.com/a/169978/
|
| 910 |
|
|
|a Premium collection: 2025
|